Formy a funkce ve stavbě české věty /

Main Author: Panevová, Jarmila, 1938-
Language: Czech
Published: Praha : Academia, 1980
Edition: 1. vyd.
Series: Studie a práce lingvistické
Physical Description: 222 s.
Language note: Ruské resumé
Book
Saved in:
LEADER 01068nam a22003132a 4500
001 000041493
003 CZ BrMZK
005 20110912145138.0
007 ta
008 951201s1980 xr f cze d
015 |a cnb000129543 
035 |a (OCoLC)7076179 
040 |a BOA001  |b cze 
041 1 |a cze  |b rus 
100 1 |a Panevová, Jarmila,  |d 1938-  |7 jk01091655  |4 aut 
245 1 0 |a Formy a funkce ve stavbě české věty /  |c Jarmila Panevová 
250 |a 1. vyd. 
260 |a Praha :  |b Academia,  |c 1980 
300 |a 222 s. 
490 1 |a Studie a práce lingvistické ;  |v sv. 13 
504 |a Bibliografie na s. 203-217. 
546 |a Ruské resumé 
830 0 |a Studie a práce lingvistické  |0 s 
910 |a BOA001  |b PK-0088.917  |b 2-0822.499 
920 |a 000192085 
964 |a Věty české - stavba - popisy - hledisko sémantické 
990 |a BK 
996 7 |b 2619943112  |c 2-0822.499  |l MZK  |r Sklad / do 1 hodiny  |n 46  |w 000041493  |u 000020  |a 1  |e BOA001  |j MZK50  |s A 
996 7 |b 3119988413  |c PK-0088.917  |l MZK  |r Sklad / do 1 hodiny  |n 28  |w 000041493  |u 000010  |a 1  |e BOA001  |j MZK50  |s A